Numerical Investigation of Boundary Layer Flows and Heat Transfer of Cross Fluid / (Record no. 586903)

000 -LEADER
fixed length control field 00509nam a22001457a 4500
020 ## - INTERNATIONAL STANDARD BOOK NUMBER
Qualifying information Hard Cover.
100 ## - MAIN ENTRY--PERSONAL NAME
Personal name Mazhar Shahzad
245 ## - TITLE STATEMENT
Title Numerical Investigation of Boundary Layer Flows and Heat Transfer of Cross Fluid /
Statement of responsibility, etc. Shehzad, Mazhar
260 ## - PUBLICATION, DISTRIBUTION, ETC.
Place of publication, distribution, etc. Islamabad:
Name of publisher, distributor, etc. RCMS-NUST,
Date of publication, distribution, etc. 2020.
300 ## - PHYSICAL DESCRIPTION
Extent 53 p. :
Other physical details ill. ;
Dimensions 30cm.
650 ## - SUBJECT ADDED ENTRY--TOPICAL TERM
Topical term or geographic name entry element MS-Computational Science and Engineering .
700 ## - ADDED ENTRY--PERSONAL NAME
Personal name Dr. Ammar Mushtaq
942 ## - ADDED ENTRY ELEMENTS (KOHA)
Source of classification or shelving scheme
Koha item type Thesis
650 ## - SUBJECT ADDED ENTRY--TOPICAL TERM
-- 85216
700 ## - ADDED ENTRY--PERSONAL NAME
-- 85217
Holdings
Withdrawn status Lost status Source of classification or shelving scheme Damaged status Not for loan Permanent Location Current Location Shelving location Date acquired Total Checkouts Full call number Barcode Date last seen Price effective from Koha item type
          School of Interdisciplinary Engineering and Sciences (SINES) School of Interdisciplinary Engineering and Sciences (SINES) Thesis 11/29/2021   004-SHE RCMS003295 11/29/2021 11/29/2021 Reference
© 2023 Central Library, National University of Sciences and Technology. All Rights Reserved.